LEADER 00940nam0-2200277 --450 001 9910510707103321 005 20211215154906.0 010 $a978-88-918-2772-2 100 $a20211215d2020----kmuy0itay5050 ba 101 0 $aita$cita 102 $aIT 105 $ay 001yy 200 1 $aVolevo essere nessuno$ediritto all'oblio, web reputation, fake news: la mia battaglia per cambiare le regole del web$fEnea Angelo Trevisan con Francesco Francio Mazza 210 $aMilano$cMondadori$d2020 215 $a178 p.$d22 cm 610 0 $aDati personali$aDiritto all'oblio$aEffetti [di] Internet$aMemorie 676 $a323.448$v23$zita 700 1$aTrevisan,$bEnea Angelo$01068403 701 1$aMazza,$bFrancesco$f<1982- >$0212 801 0$aIT$bUNINA$gREICAT$2UNIMARC 901 $aBK 912 $a9910510707103321 952 $aII M 193$b1623/2021$fFSPBC 959 $aFSPBC 996 $aVolevo essere nessuno$92553206 997 $aUNINA